Netflix Series - Statistics

General Stats
  • This quiz has been taken 239 times
  • The average score is 7 of 15
Answer Stats
Hint Answer % Correct
Chloe & Lucifer Lucifer
89%
Ginny & Georgia Ginny & Georgia
84%
Eleven & Mike Stranger Things
84%
Risk their lives to play a series of deadly children's games for the chance to win a ₩45.6 billion prize Squid Game
70%
Otis & Maeve Sex Education
57%
Emily & Gabriel Emily in Paris
55%
Kitty & Minho XO, Kitty
50%
Devi & Ben Never Have I Ever
48%
A young girl reveals an astonishing talent for chess and begins an unlikely journey to stardom while grappling with addiction The Queen's Gambit
45%
Daphne & Simon Bridgerton
43%
Carla & Samuel Elite
42%
Lodge & Andrews Riverdale
20%
Romance and supernatural studies at Alfea Fate The Winx Saga
12%
She was a German socialite and an heiress to a massive fortune Inventing Anna
6%
Jake & Erica Boo, Bitch
3%
No matching quizzes found
Score Distribution
Percent of People with Each Score
Percentile by Number Answered
Your Score History
You have not taken this quiz